| 000 | 00549nam a2200181Ia 4500 | ||
|---|---|---|---|
| 003 | GCL | ||
| 008 | 140319s9999 xx 000 0 eng d | ||
| 040 |
_aGCL / _cGCL |
||
| 082 | 0 | 4 |
_aREF _b423 _bH A |
| 100 | 1 | _aHOUGHTON MIFFIN COMPANY | |
| 245 | 1 | 0 |
_aTHE AMIRICAN HERITAGE COLLEGE DICTIONARY: (INCLUDES & FLOPPY DISK) / _cHOUGHTON MIFFIN COMPANY |
| 260 |
_a[S.N] : _bHAUGHTON MIFFLIN COMPANY ، _c1993 |
||
| 300 | _a1600 | ||
| 650 | 0 | 4 | _aENGLISH LANGUAGE |
| 650 | 0 | 4 | _aAMERICANISMO |
| 650 | 0 | 4 | _aENGLISH LANGUAGE - DICTIONARIES |
| 942 |
_2ddc _cBK |
||
| 999 |
_c10770 _d10770 |
||